Normal view
MARC view
- Hrudey, Elizabeth J.
Entry Personal Name
001 - CONTROL NUMBER
- control field: 7369
003 - CONTROL NUMBER IDENTIFIER
- control field: NUST
005 - DATE AND TIME OF LATEST TRANSACTION
- control field: 20171215121147.0
008 - FIXED-LENGTH DATA ELEMENTS
- fixed length control field: 171215|| aca||aabn | a|a d
040 ## - CATALOGING SOURCE
- Original cataloging agency: NUST
- Transcribing agency: NUST
100 ## - HEADING--PERSONAL NAME
- Personal name: Hrudey, Elizabeth J.
670 ## - SOURCE DATA FOUND
- Source citation: Work cat.: (NUST)0: Hrudey, S. E. (Steve E.) 7365, Safe drinking water :, c2004.
